000 03019cam a2200445 4500500
005 20260322010403.0
041 _afre
042 _adc
100 1 0 _aEckert, Stefan
_eauthor
700 1 0 _aMauduit, Bérengère
_eauthor
245 0 0 _aDu menuet au concerto et à la symphonie : l’analyse de la forme musicale dans les Anfangsgründe zur musicalischen Setzkunst de Joseph Riepel
260 _c2026.
500 _a65
520 _aEn présentant un résumé des relations entre le menuet, le concerto et la symphonie, l’article fait valoir que les Anfangsgründe zur musikalischen Setzkunst (Principes fondamentaux de la composition musicale) de Joseph Riepel offrent une représentation significative de la conception de la forme musicale au milieu du dix-huitième siècle. Il s’agit là d’une des rares sources présentant des exemples spécifiques et discutant des divers aspects de leur structure musicale tant au niveau de la phrase qu’à plus grande échelle, aspects harmoniques et relations mélodiques inclus. En particulier, l’article met en avant l’idée que le menuet ne constituerait pas seulement un point de départ pratique en raison de sa petite taille, mais que ses quatre sections mélodiques, définies par leur contenu mélodique ainsi que leur terminaison harmonique, formeraient une sorte de syntaxe musicale, créant un cadre pour l’écoute et la composition musicales.
520 _aProviding a summary of the interrelationship between minuet, concerto, and symphony, the article argues that Joseph Riepel’s Anfangsgründe zur musicalischen Setzkunst (Fundamentals of Musical Composition), provides important insight into mid-eighteenth-century conception of musical form, as it is one of the few sources that presents specific examples and discusses aspects of their musical structure on both a phrase level as well as from a large-scale perspective, including both harmonic aspects and melodic relationships. Above all, the article argues that the minuet is not just a convenient starting point because of its small size but that the four melodic sections of the minuet, defined by their melodic content and harmonic ending, provide something akin to a musical syntax that creates a framework for listening to and composing music.
690 _aconcerto
690 _a
690 _aJoseph Riepel
690 _amenuet
690 _a
690 _asymphonie
690 _a
690 _asyntaxe musicale
690 _a
690 _athéorie de la composition du xviiie siècle
690 _a
690 _aconcerto
690 _a
690 _aeighteenth-century compositional theory
690 _a
690 _aJoseph Riepel
690 _aminuet
690 _a
690 _amusical syntax
690 _a
690 _asymphony
690 _a
786 0 _nMusurgia | Volume XXXI | 3-4 | 2026-02-17 | p. 7-41 | 1257-7537
856 4 1 _uhttps://shs.cairn.info/revue-musurgia-2024-3-page-7?lang=fr&redirect-ssocas=7080
999 _c1756187
_d1756187